000 00948nam a2200217Ia 4500
999 _c40365
_d40365
001 6973
003 GE_BSU
005 20191004155713.0
008 181216s1976||||ge |||||||||||||| ||geo||
040 _cGE_BSU
041 _ageo
080 _a631.5/9(479.22)+631.613.1 ჩ-58
100 _aჩიჯავაძე, ნეჯად
_94135
245 _aტერასული მიწათმოქმედება საქართველოში :
_bისტ. ეთნოგრ. ნარკვევი /
_cრედ. ა. რობაქიძე.
264 _aბათუმი :
_bსაბჭ. აჭარა,
_c1976.
300 _a110 გვ;
_b21 სმ.
520 _aრეზ. რუს. ენ..
653 _aტერასული მიწათმოქმედება საქართველოში
700 _aრობაქიძე, ა.
_eრედაქტორი
_93883
942 _cBK
_2udc